Vista normal Vista MARC

Entrada Materia (corporativa)

Número de registros utilizados en: 1

001 - CONTROL NUMBER

  • control field: 170145

003 - CONTROL NUMBER IDENTIFIER

  • control field: Co-BoUCM

005 - DATE AND TIME OF LATEST TRANSACTION

  • control field: 20211112080714.0

008 - FIXED-LENGTH DATA ELEMENTS

  • fixed length control field: 211112|| aca||aabn | a|a d

040 ## - CATALOGING SOURCE

  • Original cataloging agency: Co-BoUCM
  • Transcribing agency: Co-BoUCM

110 ## - HEADING--CORPORATE NAME

  • Corporate name or jurisdiction name as entry element: Colombia.
  • Subordinate unit: Alcaldía Mayor de Bogotá.
  • Subordinate unit: Secretaría de Gobierno de Bogotá

670 ## - SOURCE DATA FOUND

  • Source citation: Work cat.: (Co-BoUCM)78993: Serna Dimas, Adrían 45456, Cuando la historia es recuerdo y olvido un estudio sobre la memoria, el conflicto y la vida urbana en Bogotá, 2010